000 00758nam a22002297a 4500
999 _c7468
_d7468
003 AR-CdUCM
008 190320b ||||| |||| 00| 0 eng d
020 _a84-205-0710-5
040 _aMUNICIPALIDAD PROVINCIAL DEL CUSCO
_cBIBLIOTECA MUNICIPAL DEL CUSCO
082 _a863.6 /
_bS21
100 _aSanz Villanueva, Santos
_921064
245 _aHistoria de la novela social española (1942-1975) /
260 _aMadrid :
_bAlhambra,
_c1980.
300 _a2 t. ;
_c20 cm.
505 _aContenido : t.1: Los años 40 hacia el realismo... t.2: La novela social (continuación)...
650 _aNovela social
_921065
650 _aLiteratura española
_9193
650 _aHistoria
_9246
650 _aSiglo XX
_98
942 _2ddc
_cLIBROS
945 _admma